000 00773nam a2200241Ia 4500
003 GCL
005 20240530103132.0
008 140319s9999 xx 000 0 ara d
040 _aGCL /
_cGCL
082 0 4 _a811.009
_bج م
100 1 _aجابر عصفور
245 1 0 _aمفهوم الشعر : دراسة فى التراث النقدى /
_cجابر عصفور
260 _aالقاهرة :
_bالهيئة المصرية العامة للكتاب ،
_c1995
300 _a403 ص ؛
_c24سم
490 _aدراسات ادبية
_v0
650 0 4 _aالشعر العربى
650 0 4 _aالادب العربى
650 0 4 _aالنقد
650 0 4 _aالتراث
650 0 4 _aالبلاغة العربية
650 0 4 _aتاريخ ونقد
942 _2ddc
_cBK
999 _c37085
_d37085